000
00340 a2200157 4500
001
186785
020
_a
978-85-7635-127-6
040
_c
Magnum
100
_a
Murray, Roseana
240
1
0
_a
O xale azul da sereia
_l
por
245
1
0
_a
O xale azul da sereia
300
_a
31
362
0
_a
2009
697
_a
LITERATURA INFANTO
942
_c
BK
999
_c
186785
_d
186785